Tagore The World Voyager/ (Record no. 216518)

MARC details
000 -LEADER
fixed length control field 00641nam a22001937a 4500
005 - DATE AND TIME OF LATEST TRANSACTION
control field 20260605105454.0
010 ## - LCCN (DPL NO)
LC control number ENG-148756
020 ## - INTERNATIONAL STANDARD BOOK NUMBER
International Standard Book Number 9788184002416
Terms of availability 250.00
035 ## - SYSTEM CONTROL NUMBER
System control number EN-132288
037 ## - SOURCE OF ACQUISITION
Source of stock number/acquisition DBAD
082 ## - DEWEY DECIMAL CLASSIFICATION NUMBER
Classification number 891.4414
Edition number 1
100 ## - MAIN ENTRY--PERSONAL NAME
Personal name Tagore , Rabindranath
245 ## - TITLE STATEMENT
Title Tagore The World Voyager/
Statement of responsibility, etc Rabindranath Tagore [and] Translated by Sugata Bose
250 ## - EDITION STATEMENT
Edition statement 1
260 ## - PUBLICATION, DISTRIBUTION, ETC. (IMPRINT)
Place of publication, distribution, etc Uttar Pradesh
Name of publisher, distributor, etc Random House Publishers India Pvt Ltd
Date of publication, distribution, etc 2012
270 ## - ADDRESS
Address Windsor IT Park, 7th Floor, Tower-BA-1, Sector-125, Noida
City Uttar Pradesh
Postal code 201301
300 ## - PHYSICAL DESCRIPTION
Extent 105p.
Dimensions 22cm(hb)
942 ## - ADDED ENTRY ELEMENTS (KOHA)
Source of classification or shelving scheme Dewey Decimal Classification
Item type English Books
Classification part 891.4414
Call number suffix TAG
Holdings
Withdrawn status Lost status Not for loan Collection code Home library Current library Date acquired Source of acquisition Cost, normal purchase price Full call number Barcode Copy number Cost, replacement price Koha item type
    Not For Loan Non-fiction D.B.Act.Division D.B.Act.Division 05/06/2026 Delivery of Books Act Division 250.00 891.4414 TAG EN-132288 1 250.00 English Books

© Delhi Public Library
Hit Counter
free hit counter